Historia con alpargatas, pavadas y carcajadas /

Guardado en:
Autor Principal: Lago, Graciela
Otros Autores: Cavallero, Dora; il.
Formato: Libro
Publicado: Buenos Aires : Colihue, 2013
Series:Cuentos del pajarito remendado / Laura Devetach y Gustavo Roldán
Materias:
Etiquetas: Agregar Etiqueta
Sin Etiquetas, Sea el primero en etiquetar este registro!
LEADER 00896nam a22002535a 4500
001 CEM.cems015494
005 20191210154639.0
008 130507s2013##################000#0#####d
003 CEMS
020 |a 9789876849098 
082 0 4 |a A868.4 
100 1 |a Lago, Graciela 
245 1 0 |a Historia con alpargatas, pavadas y carcajadas /  |c Graciela Lago ; ilustrado Por Dora Cavallero 
260 |a Buenos Aires :  |b Colihue,  |c 2013 
300 |a 16 p. 
490 0 |a Cuentos del pajarito remendado / Laura Devetach y Gustavo Roldán 
653 |a Literatura 
653 |a Literatura argentina 
653 |a Literatura infantil 
653 |a Cuentos infantiles 
653 |a Colección ciencias de la educación 
700 1 |a Cavallero, Dora; il. 
859 |a CEMS  |b BIB. CEMS - Ccias. Educacion  |h A868.4  |i L137-1  |k CE  |p 28949.19  |t Ej.1 
859 |a CEMS  |b BIB. CEMS - Ccias. Educacion  |h A868.4  |i L137-1  |k CE  |p 28950.19  |t Ej.2